000 00306nam a22001337a 4500
008 171107b xxu||||| |||| 00| 0 eng d
020 _a9780073314976
041 _aeng
080 _24TH
_a330.322
100 _a63
101 _aINV
245 _aFUNDAMENTALS OF INVESTMENTS
_cJORDAN,B.D
942 _2udc
_cBK
999 _c38136
_d38136